| 000 | 00465nam a2200145Ia 4500 | ||
|---|---|---|---|
| 041 | _aArabic | ||
| 082 | _a219,1 cut-959 گ | ||
| 100 | _a20260118u\\\\\\\\\\\y0engy0103\\\\ba | ||
| 100 | _aد.محمد احمد گەزنەیى | ||
| 245 | 0 | _aحكم زوجات المفقودين في كارثة مايسمى بالانفال | |
| 250 | _aط1 | ||
| 260 |
_bچاپخانەیى زانکۆى سەلاحەددین _aهەوڵیر _c1988 |
||
| 300 | _a115 | ||
| 942 | _cBk | ||
| 999 |
_c188710 _d188710 |
||